| 000 | 00439nam a2200181Ia 4500 | ||
|---|---|---|---|
| 005 | 20250603144747.0 | ||
| 008 | 250603s9999 xx 000 0 und d | ||
| 020 | _a978-0-226-81934-1 | ||
| 050 | _aQH 506 .M38/ | ||
| 100 | _aMatlin, Karl S | ||
| 245 | 0 | _aCrossing the boundaries of life | |
| 260 | _aChicago : | ||
| 260 | _bUniversity of Chicago Press | ||
| 260 | _c2022 | ||
| 300 | _a352 p | ||
| 650 | _aChicago : | ||
| 942 | _cBK | ||
| 999 |
_c39870 _d39870 |
||